000 00386nam a2200157Ia 4500
005 20240807062021.0
008 240806s9999||||xx |||||||||||||| ||eng||
041 _aeng
082 _a891.433
_bSONM
100 _aRamdev Prasad Soni
245 0 _aMaruti mahima /
_cRamdev Prasad Soni
260 _bAditya Prakashan Allahabad
300 _a351
650 _aGeneral Studies
942 _cBK
999 _c5850
_d5850